Luci della città : Bologna dal tramonto all'alba /
Na minha lista:
| Autor principal: | |
|---|---|
| Outros Autores: | |
| Formato: | Livro |
| Idioma: | Língua italiana |
| Publicado em: |
Castel Maggiore :
M. Cantelli,
1987
|
| Assuntos: | |
| Tags: |
Sem tags, seja o primeiro a adicionar uma tag!
|
MARC
| LEADER | 00000nam a2200000 i 4500 | ||
|---|---|---|---|
| 001 | IT\ICCU\CFI\0075016 | ||
| 003 | ItRI | ||
| 005 | 20260115232349.0 | ||
| 008 | 881014s1987 it |||||| ||||| |||||c | ||
| 015 | |2 IT |a 88-10931 | ||
| 040 | |b ita |c importazione bologna sebina | ||
| 041 | 7 | |a ita |2 ISO-639-2 | |
| 082 | |a 914.541 |9 GEOGRAFIA. BOLOGNA (PROV.) |2 19 | ||
| 100 | 1 | |a Rebeschini, Mario |0 IT\ICCU\CFIV\047606 |4 aut | |
| 245 | 1 | 0 | |a Luci della città : |b Bologna dal tramonto all'alba / |c Mario Rebeschini ; testi di Roberto Pignoni. |
| 260 | |a Castel Maggiore : |b M. Cantelli, |c 1987 | ||
| 300 | |a 119 p. : |b in gran parte ill. ; |c 35 cm. | ||
| 650 | 7 | |a Bologna |x Fotografie | |
| 700 | 1 | |a Pignoni, Roberto |0 IT\ICCU\CFIV\047607 | |
| 942 | |2 ddc |c BK |n 0 | ||
| 952 | |0 0 |1 0 |4 0 |6 DOC_779_994000000000000_REB |7 0 |9 24854 |a BO |b BO |d 2026-01-15 |i 9368 |l 0 |o DOC 779.994 REB |p BO9368 |r 2026-01-15 23:23:49 |w 2026-01-15 |x [Sebina 7] [1 v.] |y BK |z 1 v. | ||
| 999 | |c 21123 |d 21123 | ||